| 000 | 00741nam a2200229 4500 | ||
|---|---|---|---|
| 001 | 144732 | ||
| 003 | ES-MaACL | ||
| 005 | 20231212062554.0 | ||
| 007 | t| | ||
| 008 | 070214s1967 sp r ||||1| spa d | ||
| 080 | _a929 Silvela Sangro, Juan Manuel | ||
| 080 | _a821.134.2-94"19" | ||
| 100 | 1 |
_aSilvela Sangro, Juan Manuel. _9106427 |
|
| 245 | 1 | 0 |
_aDiario de una vida breve / _cJuan Manuel Silvela Sangro ; prólogo de Julián Marías. |
| 260 |
_aMadrid : _bPrensa Española, _c1967. |
||
| 300 |
_a526 p. ; _c21 cm. |
||
| 490 | 1 | _aColección "Los Tres Dados" | |
| 700 | 1 |
_aMarías, Julián, _d1914-2005 _976688 |
|
| 830 | 0 |
_aColección "Los Tres Dados" _9181995 |
|
| 852 |
_aES-MaACL _jC-33596 _bR.64410 |
||
| 999 |
_c144732 _d144732 |
||